00648nam a2200169 a 450000500170000000800410001702000180005805000270007610000230010324501070012626000610023330000160029444000220031065000100033299900190034295201170036120140412111241.0010503s19uu xx 00 eng d a0-938256-57-2 aTR(GS 793.3bG797 1994 aGregorich, Barbara aMazes, preschool /cwritten by Barbara Gregorich; edited by Joan Hoffman; illustrated by Richard Pape. aGrand Have, MI :bSchool Zone Publishing Company,c1994. a32p. ; ill. aA Get Ready! Book aTitle c102732d102732 001040aELbELcTRd2001-05-03eLib. Fundl0oTR(GS 793.3 G797 1994pE2601r2014-04-12 00:00:00w2014-04-12yBK